| 000 | 01083cam a2200301 i 4500 | ||
|---|---|---|---|
| 999 |
_c200444984 _d63196 |
||
| 001 | 200444984 | ||
| 003 | TR-AnTOB | ||
| 005 | 20230309171003.0 | ||
| 007 | ta | ||
| 008 | 990922s1956 tu ab 000 0 tur d | ||
| 035 | _a(TR-AnTOB)200444984 | ||
| 040 |
_cITU _beng _erda _aITU _dTR-AnTOB |
||
| 041 | 0 | _atur | |
| 050 | 4 |
_aHD9539.5.C383 _bA55 1956 |
|
| 090 |
_aTOBBK HD9539.5.C383 _bA55 1956 |
||
| 100 | 1 |
_aAnık, Salahaddin _eauthor _9130265 |
|
| 245 | 1 | 0 |
_aTürkiye'deki başlıca kalıp kumları üzerinde bir etüd / _cSalahaddin Anık. |
| 264 | 1 |
_aİstanbul : _bİTÜ Makina Fakültesi, _c1956. |
|
| 300 |
_a100 pages : _billustrations, tables, maps ; _c24 cm |
||
| 336 |
_atext _btxt _2rdacontent |
||
| 337 |
_aunmediated _bn _2rdamedia |
||
| 338 |
_avolume _bnc _2rdacarrier |
||
| 490 | 0 |
_aMakina Malzemesi ve İmal Usulleri Enstitüsü Yayınları. _aİstanbul Teknik Üniversitesi Makina Fakültesi ; _vno : 2 |
|
| 650 | 7 |
_aMetal döküm endüstrisi _zTürkiye _2etuturkob _9133889 |
|
| 942 |
_2z _cBK |
||